[Event "Helmond Rapid op"]
[Site "Helmond"]
[Date "2023.06.10"]
[Round "1"]
[White "Labruyere, Roger"]
[Black "Cakmak, Metehan Tugra"]
[Result "1-0"]
[WhiteElo "2155"]
[BlackElo "1429"]
[PlyCount "79"]
[EventDate "2023.06.10"]
[EventType "swiss (rapid)"]
[EventRounds "9"]
[EventCountry "NED"]
[SourceTitle "CBM 214 Extra"]
[Source "ChessBase"]
[SourceDate "2023.07.31"]
[SourceVersion "1"]
[SourceVersionDate "2023.07.31"]
[SourceQuality "1"]

1. e4 e5 2. Nf3 Nc6 3. Bc4 Bc5 4. c3 Nf6 5. d3 h6 6. h3 0-0 7. Bb3 Re8 8. Nbd2 d6 9. Nf1 Be6 10. Bc2 Qd7 11. g4 Rad8 12. Ng3 d5 13. Qe2 dxe4 14. dxe4 a6 15. Nf5 Bxf5 16. gxf5 b5 17. Rg1 Kh7 18. h4 Na5 19. Ng5+ Kg8 20. b4 Bxb4 21. cxb4 Nc4 22. Nf3 Qd6 23. Bxh6 Nh5 24. Bg5 f6 25. Bb3 fxg5 26. Bxc4+ bxc4 27. Qxc4+ Kh8 28. hxg5 g6 29. Rh1 Kg7 30. f6+ Kf8 31. Rc1 Rd7 32. Qc5 Qxc5 33. Rxc5 Red8 34. Rxh5 gxh5 35. Nxe5 Rd1+ 36. Ke2 R8d2+ 37. Ke3 Rd8 38. Rxc7 Rg1 39. Ng6+ Kg8 40. Rg7# 1-0